[Event "Besancon op"]
[Site "Besancon"]
[Date "2005.12.28"]
[Round "5"]
[White "LLurbe Figueres, Ricardo"]
[Black "Lurbe, Melina"]
[Result "1/2-1/2"]
[WhiteElo "1350"]
[BlackElo "1110"]
[PlyCount "80"]
[EventDate "2005.12.27"]
[EventType "swiss"]
[EventRounds "7"]
[EventCountry "FRA"]
[SourceTitle "CBM 110 Extra"]
[Source "ChessBase"]
[SourceDate "2006.03.10"]
[SourceVersion "2"]
[SourceVersionDate "2006.03.10"]
[SourceQuality "1"]

1. e4 e5 2. Nf3 Nc6 3. c3 Nf6 4. d3 Bc5 5. Qe2 0-0 6. Be3 Bxe3 7. Qxe3 d5 8. Nbd2 d4 9. cxd4 Nxd4 10. Rc1 Nxf3+ 11. Nxf3 Re8 12. Be2 Bg4 13. Nd2 Bxe2 14. Qxe2 c6 15. 0-0 Qd6 16. Nf3 Rad8 17. Rfd1 h6 18. d4 exd4 19. e5 d3 20. Qe1 Qe6 21. Rd2 Ng4 22. Rcd1 Nxe5 23. Nxe5 Qxe5 24. Qxe5 Rxe5 25. Kf1 Rde8 26. Rxd3 Re2 27. Rd8 b5 28. Rxe8+ Rxe8 29. Rd7 a5 30. b3 a4 31. bxa4 bxa4 32. f3 a3 33. Rd3 Ra8 34. Rc3 Ra6 35. Kf2 Kf8 36. Kg3 Ke7 37. f4 f5 38. Kh4 g6 39. h3 h5 40. Kg5 Kf7 1/2-1/2